Personalizar la evaluación /
| Autor Principal: | |
|---|---|
| Formato: | Libro |
| Idioma: | Lingua castelá |
| Publicado: |
Madrid :
Morata,
2002
|
| Series: | Pedagogía. Educación crítica
|
| Subjects: |
MARC
| LEADER | 00000nam a2200000 4500 | ||
|---|---|---|---|
| 008 | 240619b |||||||| |||| 00| | spa d | ||
| 020 | |a 8471124726 | ||
| 090 | |a 06.02.01 |b 2656 | ||
| 100 | |a Kushner, Saville |9 4909 | ||
| 245 | 1 | 0 | |a Personalizar la evaluación / |c Saville Kushner, traducción Tomás del Amo |
| 260 | |a Madrid : |b Morata, |c 2002 | ||
| 300 | |a 231 páginas | ||
| 490 | |a Pedagogía. Educación crítica | ||
| 650 | 0 | |a EDUCACIÓN |9 1 | |
| 650 | 0 | |a EVALUACIÓN |9 287 | |
| 650 | 0 | |a ESTUDIOS DE CASOS |9 339 | |
| 942 | |2 z |c 01 |h 06.02.01 |6 060201 | ||
| 999 | |c 4055 |d 4055 | ||
